| 000 | 00605nam a2200181 i 4500 | ||
|---|---|---|---|
| 001 | 122856 | ||
| 003 | ES-MaACL | ||
| 005 | 20230906192043.0 | ||
| 007 | t| | ||
| 008 | 070214s1924 sp |||| |bspa d | ||
| 100 | 1 |
_aPulido, Ángel, _d1852-1932 _9149324 |
|
| 245 | 1 | 0 |
_aBiografía del Excelentísimo Señor Don José Maluquer y Salvador / _cÁngel Pulido Fernández. |
| 260 |
_aMadrid : _b[s.n.], _c1924 ( _fSobrinos de la Suc. de M. Minuesa de los Ríos) |
||
| 300 |
_a64 p ; _c23 cm. |
||
| 600 | 1 | 4 |
_aMaluquer y Salvador, José. _975885 |
| 852 |
_aES-MaACL _j1748-F-19 |
||
| 999 |
_c122856 _d122856 |
||